📖🕯 150 premiers mots "Le manche de la rozell" - Statistiques

Statistiques générales
  • Ce quiz a Ă©tĂ© pris 6 fois
  • Le rĂ©sultat moyen est 93 sur 150
Statistiques - réponses
Mots % Correct
Ă 
100%
as
100%
-Bah!
100%
d'
100%
dans
100%
de
100%
des
100%
et
100%
Et
100%
Il
100%
Jean-René!
100%
Jean-René
100%
l'
100%
la
100%
Le
100%
le
100%
les
100%
ma
100%
-Mais,
100%
manche
100%
n'
100%
ou
100%
pas
100%
pour
100%
rozell
100%
s'
100%
Sans
100%
ses
100%
son
100%
sont
100%
tu
100%
Tu
100%
un
100%
une
100%
Vona
100%
Vona,
100%
y
100%
Alors
67%
après
67%
avait
67%
avec
67%
ça
67%
cassés,
67%
cet
67%
Comment
67%
du
67%
en
67%
est
67%
état!
67%
faire
67%
fasse ?
67%
feu.
67%
heure.
67%
j'
67%
je
67%
journée
67%
labeur
67%
mon ...
67%
peut
67%
qu'
67%
quand
67%
que
67%
Que
67%
répares
67%
suis
67%
ta
67%
ton
67%
travaille
67%
veux-
67%
attendre.
33%
bois,
33%
celui
33%
champ.
33%
dois
33%
geste
33%
intention
33%
moi,
33%
moi
33%
non ?
33%
pelle
33%
place
33%
râteau
33%
toi,
33%
air
0%
assoupir
0%
aujourd'hui,
0%
bĂŞche,
0%
brandissait
0%
chasser
0%
crĂŞpes,
0%
crĂŞpes
0%
devant
0%
diable
0%
époux.
0%
étaler
0%
étendre
0%
fatigué.
0%
fendu.
0%
fendue ?
0%
flammes
0%
indispensable
0%
instrument
0%
jambes
0%
-Laisse-
0%
mauvais
0%
nez
0%
pâte
0%
prenant
0%
près
0%
raclette
0%
rester
0%
seul
0%
souhait,
0%
tenta
0%
tranquille,
0%
Aucun quiz correspondant
Distribution des résultats
% des personnes avec chaque résultat
Percentile par nombre de réponses
Votre historique - résultats
Vous n’avez pas pris ce quiz